Risk Factors of Food Chain Proceedings Book (Abstracts) of 5-th International Scientific Conference : October 6-th, 2005

Bibliographic Details
Corporate Author: Risk Factors of Food Chain Nitra, Slovensko (Author)
Other Authors: Massanyi, Peter, 1968- (Editor)
Format: Conference Proceeding Book
Language:English
Published: In Nitra Slovak Agricultural University 2005
Edition:[1st ed.]
Subjects:

MARC

LEADER 00000nam a2200000 a 4500
001 vtls008410069
003 SK-MaSNL
005 20260302074831.0
008 160208s2005 xo f a 100 0 eng
015 |a SNBA2005/12-05810 
020 |a 8080695938  |q (brož.) 
035 |a 99FAE16C-E7EC-416E-AB66-D0D6BAE4AC1D 
035 |a urn:nbn:sk:snk-amk6wk 
035 |a urn:nbn:sk:snk-am003wyj 
040 |a SNK  |b slo  |c SNK  |e AACR2 
041 0 |a eng 
044 |a xo  |c SK 
072 7 |a 574  |x Všeobecná ekológia  |2 konspekt 
111 2 |a Risk Factors of Food Chain  |n (5. :  |d 2005 :  |c Nitra, Slovensko)  |4 aut  |9 740932 
245 1 0 |a Risk Factors of Food Chain  |b Proceedings Book (Abstracts) of 5-th International Scientific Conference : October 6-th, 2005  |c [editors: Peter Massányi ... [et al.]] 
250 |a [1st ed.] 
260 |a In Nitra  |b Slovak Agricultural University  |c 2005 
300 |a 46 s.  |c 24 cm 
366 |e 100 výtl. 
500 |a Ilustr. na titi. strane 
650 0 7 |a potravinové reťazce  |2 SNKPH  |9 112839 
650 0 7 |a biotické faktory  |2 SNKPH  |9 68804 
650 0 7 |a rizikové faktory  |2 SNKPH  |9 369994 
655 7 |a zborníky konferencií  |2 SNKPH  |9 70153 
655 7 |a abstrakty  |2 SNKPH  |9 22516 
700 1 |a Massanyi, Peter,  |d 1968-  |4 edt  |9 12713 
752 |a Slovensko  |d Nitra 
919 |a 80-8069-593-8 
958 |a OND 
999 |c 1166708  |d 1168638 
952 |a SNK  |b SNK  |y PREZ  |7 0  |p 17A0489848  |o snkSC 121843  |i snk2005/19581  |8 0  |0 0  |1 0  |4 0  |d 2005-11-16  |f 1  |l 0  |r 2025-06-02 00:00:00  |w 2026-02-24 
952 |a SNK  |b SNK  |y VYP  |7 0  |p 17A0489849  |o snkSC 121843 D1  |i snk2005/19582  |8 0  |0 0  |1 0  |4 0  |d 2005-11-16  |l 0  |r 2026-02-24 20:51:07  |w 2026-02-24